Geometric optics: an introduction

Guardat en:
Dades bibliogràfiques
Autor principal: Nussbaum, Allen (Autor)
Format: Llibre
Idioma:anglès
Publicat: Reading Addison-Wesley 1968
Matèries:
Etiquetes: Afegir etiqueta
Sense etiquetes, Sigues el primer a etiquetar aquest registre!

MARC

LEADER 00000nam a2200000 a 4500
001 UCH3075
003 CL-VaPUC
008 090715e19680000US |||||||||||||||||eng|d
082 0 4 |a 535.32  |b NUS  |2 21 
100 0 |a Nussbaum, Allen  |e author  |9 538229 
245 1 0 |a Geometric optics: an introduction 
300 |a 132 p 
942 |c BK 
945 |d 20090715 00:00:00  |a rbrito 
260 |a Reading  |b Addison-Wesley  |c 1968 
650 0 |a Optica geométrica  |9 355299 
650 7 |a OPTOMETRIA  |2 CL-VaPUC  |9 538230 
650 0 |a Trigonometría   |9 259568 
650 0 |a Matrices   |9 22 
583 |a last modification  |c 20090715 00:00:00  |k Rodrigo Vera 
999 |c 334714  |d 334712 
952 |0 0  |1 0  |4 0  |6 535_320000000000000_NUS_1968  |7 0  |8 A  |9 423859  |a BIBCUR  |b BIBCUR  |d 2019-11-22  |i 4535316  |o 535.32 NUS 1968  |p 4535316  |r 2025-04-22  |w 2019-11-22  |y BK  |k FIS